The third glass of wine / (Record no. 140864)

MARC details
000 -LEADER
fixed length control field 00507nam a22001817a 4500
005 - DATE AND TIME OF LATEST TRANSACTION
control field 20170608104934.0
010 ## - LCCN (DPL NO)
LC control number ENG-118564
020 ## - INTERNATIONAL STANDARD BOOK NUMBER
International Standard Book Number 9789350451250
Terms of availability 250.00
035 ## - SYSTEM CONTROL NUMBER
System control number EN-102096
037 ## - SOURCE OF ACQUISITION
Source of stock number/acquisition DBAD/PUB
082 ## - DEWEY DECIMAL CLASSIFICATION NUMBER
Classification number 881
100 ## - MAIN ENTRY--PERSONAL NAME
Personal name Mukherjee,Dipika
245 ## - TITLE STATEMENT
Title The third glass of wine /
Statement of responsibility, etc by Dipika Mukhejee
260 ## - PUBLICATION, DISTRIBUTION, ETC. (IMPRINT)
Place of publication, distribution, etc Calcutta
Name of publisher, distributor, etc Writers Workshop
Date of publication, distribution, etc 2015
270 ## - ADDRESS
Address 162/92,Lake Garden
City Calcutta
Postal code 700045
300 ## - PHYSICAL DESCRIPTION
Extent 88p.
Other physical details 22cm(Hb)
942 ## - ADDED ENTRY ELEMENTS (KOHA)
Source of classification or shelving scheme Dewey Decimal Classification
Item type English Books
Classification part 881
Call number suffix MUK
Holdings
Withdrawn status Lost status Not for loan Collection code Home library Current library Date acquired Source of acquisition Cost, normal purchase price Full call number Barcode Copy number Cost, replacement price Koha item type
    Not For Loan Non-fiction D.B.Act.Division Bawana 07/06/2017 DBAD/PUB 250.00 881 MUK EN-102096 1 250.00 English Books

© Delhi Public Library
Hit Counter
free hit counter